Tied Together with a Smile - Taylor Swift (All Lyrics) - Statistics

General Stats
  • This quiz has been taken 124 times
    108 since last reset
  • The average score is 225 of 255
Answer Stats
Lyrics % Correct
a
100%
But
100%
but
100%
on,
100%
smile
100%
smile,
100%
tied
100%
to
100%
together
100%
with
100%
With
100%
you
100%
You
100%
your
100%
you're
100%
You're
100%
I
98%
it
95%
no
95%
one
95%
That
95%
that
95%
the
95%
The
95%
and
93%
And
93%
be
93%
coming
93%
not
93%
undone,
93%
don't
91%
go
91%
he
91%
know
91%
who
91%
in
89%
might
89%
oh
89%
Oh,
89%
oh,
89%
only
89%
Is
86%
it's
86%
It's
86%
knows
86%
that's
86%
baby,
84%
baby
84%
cry,
84%
cry
84%
tell
84%
anyone
82%
at
82%
'Cause
82%
'cause
82%
into
82%
losing
82%
see
82%
face
80%
Hold
80%
letting
80%
all
77%
doesn't
77%
golden
77%
high
77%
high,
77%
mirror
77%
true
77%
wanted
77%
water's
77%
back
75%
jumping
75%
looking
75%
around
73%
beauty
73%
like
73%
love
73%
pretty
73%
walk
73%
thinking
70%
was
70%
will
70%
guess
68%
here
68%
giving
66%
his
66%
up
66%
end
64%
change
61%
extra
61%
out
61%
pay
61%
price
61%
away
59%
Hoping
59%
penny
59%
pocket
59%
(pocket)
59%
rain
59%
leaves
55%
Seems
55%
Goodbye,
36%
No matching quizzes found
Score Distribution
Percent of People with Each Score
Percentile by Number Answered
Your Score History
You have not taken this quiz since the last reset